| 000 | 00940cam a2200277 a 4500 | ||
|---|---|---|---|
| 001 | 000017565 | ||
| 005 | 20200929165144.0 | ||
| 008 | 910723s1988 cu 001 p spa d | ||
| 035 | _a(DLC) 91175421 | ||
| 040 |
_aDO-SdBNP _cDLC |
||
| 082 |
_aH861. 0420898 _bA634S |
||
| 245 | 0 | 0 |
_aAntología del soneto hispano americano / _cselección y prólogo de Mirta Yáñez. |
| 260 |
_aLa Habana Cuba : _bArte y Literatura, _c1988. |
||
| 300 |
_a228 p. ; _c19 cm. |
||
| 490 | 1 | _aHuracán | |
| 500 | _aIncluye índice. | ||
| 500 | _aIncluye referencias bibliográficas al pie de las páginas. | ||
| 650 | 4 |
_aPoesía hispanoaméricana _xColecciones _9317 |
|
| 650 | 4 |
_aSonetos américanos _938326 |
|
| 650 | 4 |
_aLiteratura hispanoaméricana _xColecciones _917838 |
|
| 650 | 4 |
_aLiteratura américana _99896 |
|
| 700 | 1 |
_aYáñez, Mirta _epról. _938327 |
|
| 830 | 0 |
_aHuracán ; _95481 |
|
| 910 | _aCatalogación por copia / LC | ||
| 049 | _aBNGR | ||
| 999 |
_c17090 _d17090 |
||